| 000 | 01182nam a2200313Ia 4500 | ||
|---|---|---|---|
| 001 | ebr10313682 | ||
| 003 | CaPaEBR | ||
| 006 | m u | ||
| 007 | cr cn||||||||| | ||
| 008 | 080212s2008 inua s 001 0 eng d | ||
| 010 | _z 2008006114 | ||
| 020 | _z9780470241998 (cloth) | ||
| 040 |
_aCaPaEBR _cCaPaEBR |
||
| 035 | _a(OCoLC)608624432 | ||
| 050 | 1 | 4 |
_aTK5105.88817 _b.W42 2008eb |
| 082 | 0 | 4 |
_a384.3/3 _222 |
| 245 | 0 | 0 |
_aWeb 2.0 heroes _h[electronic resource] : _binterviews with 21 Web 2.0 influencers / _cBradley L. Jones [interviewer]. |
| 260 |
_aIndianapolis, IN : _bWiley Pub., _cc2008. |
||
| 300 |
_axiv, 273 p. : _bill. |
||
| 500 | _aIncludes index. | ||
| 533 |
_aElectronic reproduction. _bPalo Alto, Calif. : _cebrary, _d2009. _nAvailable via World Wide Web. _nAccess may be limited to ebrary affiliated libraries. |
||
| 650 | 0 | _aWeb 2.0. | |
| 650 | 0 |
_aTelecommunications engineers _vInterviews. |
|
| 650 | 0 | _aWeb sites. | |
| 655 | 7 |
_aElectronic books. _2local |
|
| 700 | 1 | _aJones, Bradley. | |
| 710 | 2 | _aebrary, Inc. | |
| 856 | 4 | 0 |
_uhttp://site.ebrary.com/lib/rucke/Doc?id=10313682 _zAn electronic book accessible through the World Wide Web; click to view |
| 999 |
_c62829 _d62829 |
||